[Event "Naperville Bisguier Memorial"]
[Site "Naperville"]
[Date "2023.04.01"]
[Round "?"]
[White "Arjun, Vishnuvardhan"]
[Black "Mitkov, Nikola"]
[Result "0-1"]
[WhiteElo "2235"]
[BlackElo "2490"]
[PlyCount "88"]
[EventDate "2023.03.29"]
[EventType "tourn"]
[EventRounds "9"]
[EventCountry "USA"]
[SourceTitle "EXT 2024"]
[Source "ChessBase"]
[SourceDate "2023.10.10"]
[SourceVersion "1"]
[SourceVersionDate "2023.10.10"]
[SourceQuality "1"]

1. e4 e5 2. Nf3 Nc6 3. Bc4 Nf6 4. d3 h6 5. c3 d6 6. a4 g6 7. a5 a6 8. Qb3 Qe7 9. Nbd2 Bg7 10. Nf1 0-0 11. Ne3 Nd8 12. 0-0 Ne6 13. g3 Nc5 14. Qc2 Bh3 15. Re1 Kh7 16. b4 Ncd7 17. Nh4 Be6 18. Nhg2 Bxc4 19. dxc4 Qe6 20. Ba3 h5 21. Rad1 Bh6 22. Bc1 Rac8 23. Qd3 Rfd8 24. f3 Rf8 25. Re2 Qh3 26. Rf1 Rce8 27. Bd2 Nb8 28. Ra1 Kg7 29. Nd5 Nxd5 30. Bxh6+ Kxh6 31. Qxd5 Qc8 32. f4 exf4 33. gxf4 Nc6 34. b5 Ne7 35. Qg5+ Kh7 36. Ne3 f6 37. Qh4 f5 38. e5 dxe5 39. fxe5 f4 40. Nd5 Nxd5 41. cxd5 Qf5 42. bxa6 bxa6 43. Rf1 Rxe5 44. Qxf4 Qxf4 0-1

[Event "Naperville Bisguier Memorial"]
[Site "Naperville"]
[Date "2023.03.30"]
[Round "?"]
[White "Colas, Joshua"]
[Black "Arjun, Vishnuvardhan"]
[Result "0-1"]
[WhiteElo "2342"]
[BlackElo "2235"]
[PlyCount "80"]
[EventDate "2023.03.29"]
[EventType "tourn"]
[EventRounds "9"]
[EventCountry "USA"]
[SourceTitle "EXT 2024"]
[Source "ChessBase"]
[SourceDate "2023.10.10"]
[SourceVersion "1"]
[SourceVersionDate "2023.10.10"]
[SourceQuality "1"]

1. Nf3 Nf6 2. c4 g6 3. b3 Bg7 4. Bb2 c5 5. g3 b6 6. Bg2 Bb7 7. d4 cxd4 8. Qxd4 Nc6 9. Qd2 d5 10. cxd5 Na5 11. Nc3 e6 12. Rd1 exd5 13. Ba3 Qd7 14. 0-0 0-0-0 15. Nd4 Ne4 16. Qc1 Nxc3 17. Qxc3+ Kb8 18. Nc6+ Nxc6 19. Qxg7 d4 20. e3 Rhe8 21. Bb2 f5 22. Qh6 d3 23. Rd2 Ne5 24. Qf4 Bxg2 25. Kxg2 Qd5+ 26. f3 Kb7 27. Rfd1 Ng4 28. Bd4 h6 29. h4 Rg8 30. Bb2 g5 31. hxg5 hxg5 32. Qd4 Qe6 33. fxg4 Rxd4 34. Bxd4 Qe4+ 35. Kh2 Rg6 36. Kg1 Rh6 37. Rg2 f4 38. gxf4 gxf4 39. g5 fxe3 40. gxh6 Qxd4 0-1

[Event "Charlotte op"]
[Site "Charlotte"]
[Date "2023.01.15"]
[Round "4"]
[White "Sadorra, Julio Catalino"]
[Black "Arjun, Vishnuvardhan"]
[Result "1-0"]
[WhiteElo "2564"]
[BlackElo "2250"]
[PlyCount "45"]
[EventDate "2023.01.14"]
[EventType "swiss"]
[EventRounds "6"]
[EventCountry "USA"]
[SourceTitle "CBM 212 Extra"]
[Source "ChessBase"]
[SourceDate "2023.03.31"]
[SourceVersion "1"]
[SourceVersionDate "2023.03.31"]
[SourceQuality "1"]

1. d4 Nf6 2. c4 c5 3. d5 b5 4. Qc2 e6 5. e4 bxc4 6. Bxc4 exd5 7. exd5 d6 8. Nc3 Be7 9. Nge2 0-0 10. 0-0 Nbd7 11. Ng3 Nb6 12. b3 Nfd7 13. Bd3 Nf6 14. Bb2 Bd7 15. Rae1 Re8 16. Nce4 Nbxd5 17. Ng5 g6 18. Bc4 Bc6 19. Qd2 Rf8 20. N5e4 Nb6 21. Qh6 Nxc4 22. Nf5 Ne8 23. Ng5 1-0

[Event "Charlotte CCCSA Summer IM-C"]
[Site "Charlotte"]
[Date "2022.07.29"]
[Round "9"]
[White "Arjun, Vishnuvardhan"]
[Black "Luo, Terry"]
[Result "1/2-1/2"]
[WhiteElo "2273"]
[BlackElo "2204"]
[PlyCount "30"]
[EventDate "2022.07.24"]
[EventType "tourn"]
[EventRounds "9"]
[EventCountry "USA"]
[SourceTitle "CBM 209 Extra"]
[Source "ChessBase"]
[SourceDate "2022.09.30"]
[SourceVersion "1"]
[SourceVersionDate "2022.09.30"]
[SourceQuality "1"]

1. Nf3 Nf6 2. g3 g6 3. Bg2 Bg7 4. 0-0 0-0 5. b3 d6 6. d4 c6 7. Bb2 Bg4 8. Nbd2 Qc8 9. c4 a5 10. a3 Na6 11. Rc1 Nc7 12. Qc2 Re8 13. e4 Bxf3 14. Nxf3 Nd7 15. b4 axb4 1/2-1/2

[Event "New York Summer IM-D"]
[Site "New York"]
[Date "2022.07.11"]
[Round "8"]
[White "Ansh, M Shah"]
[Black "Arjun, Vishnuvardhan"]
[Result "0-1"]
[WhiteElo "2189"]
[BlackElo "2273"]
[PlyCount "54"]
[EventDate "2022.07.07"]
[EventType "tourn"]
[EventRounds "9"]
[EventCountry "USA"]
[SourceTitle "CBM 209 Extra"]
[Source "ChessBase"]
[SourceDate "2022.09.30"]
[SourceVersion "1"]
[SourceVersionDate "2022.09.30"]
[SourceQuality "1"]

1. d4 d6 2. c4 e5 3. d5 g6 4. e4 Bh6 5. h4 Bxc1 6. Qxc1 Nf6 7. Nc3 Na6 8. Be2 Nc5 9. Qe3 a5 10. h5 g5 11. Qxg5 Rg8 12. Qe3 Rxg2 13. 0-0-0 Ng4 14. Bxg4 Bxg4 15. Nge2 Bxe2 16. Rdg1 Bf3 17. Nb5 Rc8 18. Na7 Rb8 19. Qh6 Kd7 20. Rxg2 Bxg2 21. Rg1 Nd3+ 22. Kd2 Nf4 23. c5 Qh4 24. c6+ bxc6 25. Rxg2 Nxg2 26. Nxc6 Qxf2+ 27. Kd3 Ne1+ 0-1

[Event "New York Summer IM-D"]
[Site "New York"]
[Date "2022.07.09"]
[Round "4"]
[White "Arjun, Vishnuvardhan"]
[Black "Rohde, Michael A"]
[Result "1/2-1/2"]
[WhiteElo "2273"]
[BlackElo "2334"]
[PlyCount "88"]
[EventDate "2022.07.07"]
[EventType "tourn"]
[EventRounds "9"]
[EventCountry "USA"]
[SourceTitle "CBM 209 Extra"]
[Source "ChessBase"]
[SourceDate "2022.09.30"]
[SourceVersion "1"]
[SourceVersionDate "2022.09.30"]
[SourceQuality "1"]

1. d4 Nf6 2. c4 e6 3. Nf3 Bb4+ 4. Nbd2 d5 5. Qa4+ Nc6 6. e3 0-0 7. a3 Bxd2+ 8. Bxd2 Ne4 9. Qc2 Nxd2 10. Qxd2 b6 11. b4 Bb7 12. c5 bxc5 13. bxc5 Qc8 14. Bb5 a6 15. Ba4 Nb8 16. 0-0 Bc6 17. Bc2 Nd7 18. Qa5 Bb5 19. Rfe1 Re8 20. Qc3 Qd8 21. Rab1 f6 22. e4 Bc6 23. e5 Nf8 24. h4 f5 25. g3 Qd7 26. Qa5 Ng6 27. Ng5 h6 28. Nh3 Rf8 29. h5 Nh8 30. Nf4 Nf7 31. Kg2 Ng5 32. f3 Bb5 33. Rb4 Rfe8 34. Reb1 Rec8 35. Bd3 Qe8 36. R1b3 Bxd3 37. Rxd3 Nf7 38. Rb7 Qc6 39. Rb1 Nd8 40. Rdb3 Qd7 41. Kf2 Nc6 42. Qd2 Qf7 43. Ke3 Qe7 44. Kf2 Kf7 1/2-1/2

[Event "New York Summer IM-D"]
[Site "New York"]
[Date "2022.07.09"]
[Round "5"]
[White "Rosenberg, Evan"]
[Black "Arjun, Vishnuvardhan"]
[Result "0-1"]
[WhiteElo "2016"]
[BlackElo "2273"]
[PlyCount "90"]
[EventDate "2022.07.07"]
[EventType "tourn"]
[EventRounds "9"]
[EventCountry "USA"]
[SourceTitle "CBM 209 Extra"]
[Source "ChessBase"]
[SourceDate "2022.09.30"]
[SourceVersion "1"]
[SourceVersionDate "2022.09.30"]
[SourceQuality "1"]

1. e4 g6 2. d4 Bg7 3. Nc3 d6 4. Be3 a6 5. Nf3 b5 6. Bd3 e6 7. Qe2 Nd7 8. e5 Nb6 9. d5 Ne7 10. 0-0-0 Nbxd5 11. Nxd5 Nxd5 12. Bg5 Ne7 13. Nd4 Bd7 14. f4 d5 15. f5 gxf5 16. Qh5 c5 17. Nxf5 exf5 18. e6 Bxe6 19. Rhe1 h6 20. Bf6 0-0 21. Bxg7 Kxg7 22. g4 fxg4 23. Rxe6 fxe6 24. Qxg4+ Kh8 25. Qxe6 Ng8 26. Rg1 Rf6 27. Rxg8+ Qxg8 28. Qxf6+ Qg7 29. Qd6 c4 30. Be2 Qg5+ 31. Kd1 Re8 32. Qb6 Kg7 33. Qa7+ Re7 34. Qd4+ Qe5 35. Qg1+ Kh8 36. Qf2 Kg7 37. Qg1+ Kf8 38. Qg4 d4 39. Qf3+ Ke8 40. Qa8+ Kf7 41. Qf3+ Qf6 42. Qd5+ Kg7 43. Qg2+ Qg5 44. Qf3 Qg1+ 45. Bf1 Rf7 0-1

[Event "US Masters"]
[Site "Charlotte"]
[Date "2021.11.25"]
[Round "3"]
[White "Arjun, Vishnuvardhan"]
[Black "Panjwani, Raja"]
[Result "0-1"]
[WhiteElo "2289"]
[BlackElo "2448"]
[PlyCount "88"]
[EventDate "2021.11.24"]
[EventType "swiss"]
[EventRounds "9"]
[EventCountry "USA"]
[SourceTitle "CBM 205 Extra"]
[Source "ChessBase"]
[SourceDate "2022.01.31"]
[SourceVersion "1"]
[SourceVersionDate "2022.01.31"]
[SourceQuality "1"]

1. c4 g6 2. g3 Bg7 3. Bg2 c5 4. Nc3 Nc6 5. e3 Nh6 6. Nge2 Nf5 7. Rb1 b6 8. a3 Bb7 9. b4 Qc8 10. 0-0 d6 11. d3 0-0 12. Qb3 Rb8 13. Bb2 Nd8 14. Nd5 e6 15. Bxg7 Kxg7 16. Qb2+ f6 17. Ndf4 g5 18. Bxb7 Qxb7 19. e4 gxf4 20. exf5 f3 21. Nf4 e5 22. Nh5+ Kf7 23. Qd2 Qd7 24. g4 Rg8 25. h3 Qxf5 26. Ng3 Qg6 27. Qe3 h5 28. gxh5 Qxh5 29. Kh2 Qh7 30. Qxf3 Ne6 31. Qf5 Rg6 32. Rbe1 Rh8 33. f4 Qh4 34. Re3 Rg4 35. Ne2 Rh5 36. Qe4 Nxf4 37. Nxf4 Rxf4 38. Qd5+ Kg7 39. Rg3+ Rg5 40. Rxg5+ fxg5 41. Rxf4 gxf4 42. Qe6 Qg3+ 43. Kh1 f3 44. Qe7+ Kg6 0-1

[Event "Charlotte CCCSA Summer IM-D"]
[Site "Charlotte"]
[Date "2021.08.01"]
[Round "9"]
[White "Arjun, Vishnuvardhan"]
[Black "Zapata, Alonso"]
[Result "1-0"]
[WhiteElo "2296"]
[BlackElo "2422"]
[PlyCount "77"]
[EventDate "2021.07.28"]
[EventType "tourn"]
[EventRounds "9"]
[EventCountry "USA"]
[SourceTitle "CBM 203 Extra"]
[Source "ChessBase"]
[SourceDate "2021.09.30"]
[SourceVersion "1"]
[SourceVersionDate "2021.09.30"]
[SourceQuality "1"]

1. e4 c5 2. Nc3 Nc6 3. Bb5 d6 4. Bxc6+ bxc6 5. Nge2 Nf6 6. d3 g6 7. h3 Bg7 8. Be3 e5 9. Qd2 Rb8 10. b3 Qe7 11. 0-0 Nd7 12. Bh6 0-0 13. Bxg7 Kxg7 14. f4 f6 15. Rf2 Bb7 16. Raf1 d5 17. h4 Rbd8 18. f5 c4 19. Ng3 cxd3 20. cxd3 Rh8 21. fxg6 hxg6 22. h5 Qe8 23. hxg6 Kxg6 24. Nf5 Qf8 25. Rf3 Rh7 26. Rg3+ Kf7 27. Rff3 Qb4 28. exd5 cxd5 29. d4 Rdh8 30. Rg4 Ba6 31. Ne3 e4 32. Nexd5 Rh1+ 33. Kf2 Rf1+ 34. Ke3 exf3 35. Nxb4 f2 36. Nxa6 f5 37. Rf4 Re8+ 38. Kd3 Ne5+ 39. dxe5 1-0

[Event "Charlotte CCCSA Thanksgiving IM"]
[Site "Charlotte"]
[Date "2020.11.28"]
[Round "6"]
[White "Arjun, Vishnuvardhan"]
[Black "Jacobson, Aaron"]
[Result "1-0"]
[WhiteElo "2283"]
[BlackElo "2262"]
[PlyCount "121"]
[EventDate "2020.11.25"]
[EventType "tourn"]
[EventRounds "9"]
[EventCountry "USA"]
[EventCategory "2"]
[SourceTitle "CBM 199 Extra"]
[Source "ChessBase"]
[SourceDate "2021.01.31"]
[SourceVersion "1"]
[SourceVersionDate "2021.01.31"]
[SourceQuality "1"]

1. d4 d5 2. c4 e6 3. Nc3 a6 4. cxd5 exd5 5. Bf4 Nf6 6. e3 Bd6 7. Bxd6 Qxd6 8. Nf3 0-0 9. Be2 Bf5 10. 0-0 Nbd7 11. Rc1 h6 12. a3 Ne4 13. Nxe4 dxe4 14. Nd2 Nf6 15. Nc4 Qe7 16. Na5 c6 17. Qc2 Nd5 18. b4 Rad8 19. Qc5 Qd7 20. Qa7 Rb8 21. Bc4 Be6 22. Ba2 h5 23. Nb3 Ra8 24. Qc5 h4 25. Qc2 Bf5 26. Nc5 Qe7 27. h3 Rad8 28. Qe2 Rd6 29. Qh5 g6 30. Qe2 Kg7 31. Kh2 Nf6 32. a4 Rh8 33. b5 cxb5 34. axb5 a5 35. Na4 g5 36. Rc5 Qd7 37. f3 b6 38. Re5 Bg6 39. Rxg5 Nh5 40. Rc1 Ng3 41. Qf2 f6 42. Rg4 f5 43. Rxh4 Rxh4 44. Qxg3 Qe7 45. Nc3 exf3 46. Nd5 Qd8 47. Qe5+ Kh6 48. gxf3 Bf7 49. Rc6 Rxc6 50. bxc6 f4 51. c7 Qd7 52. Qf6+ Kh5 53. Nxf4+ Rxf4 54. Qxf4 Be8 55. Bb1 Qb5 56. Qf5+ Kh4 57. Qxb5 a4 58. c8Q Bd7 59. Qg8 Bf5 60. Qxf5 a3 61. Qfg4# 1-0

[Event "Charlotte CCCSA Spring IM"]
[Site "Charlotte"]
[Date "2019.03.23"]
[Round "7"]
[White "Arjun, Vishnuvardhan"]
[Black "Mishra, Abhimanyu"]
[Result "1/2-1/2"]
[WhiteElo "2262"]
[BlackElo "2232"]
[PlyCount "57"]
[EventDate "2019.03.20"]
[EventType "tourn"]
[EventRounds "9"]
[EventCountry "USA"]
[EventCategory "2"]
[SourceTitle "CBM 189 Extra"]
[Source "ChessBase"]
[SourceDate "2019.06.03"]
[SourceVersion "1"]
[SourceVersionDate "2019.06.03"]
[SourceQuality "1"]

1. e4 c5 2. Nc3 Nc6 3. Bb5 Nd4 4. Bc4 a6 5. a4 e6 6. Nge2 Nf6 7. 0-0 Qc7 8. d3 Be7 9. Ba2 d6 10. Nxd4 cxd4 11. Ne2 e5 12. c3 dxc3 13. bxc3 0-0 14. Be3 Be6 15. Bxe6 fxe6 16. Qb3 Qd7 17. f4 Kh8 18. h3 Rac8 19. Ng3 exf4 20. Rxf4 e5 21. Rf5 d5 22. Rxe5 Bd6 23. Rxd5 Qe6 24. Nf5 Nxd5 25. Nxd6 Qxd6 26. exd5 Rce8 27. Bd4 Rf7 28. c4 Qg3 29. Qd1 1/2-1/2

[Event "Charlotte CCCSA Spring IM"]
[Site "Charlotte"]
[Date "2019.03.22"]
[Round "4"]
[White "Stremavicius, Titas"]
[Black "Arjun, Vishnuvardhan"]
[Result "1/2-1/2"]
[WhiteElo "2472"]
[BlackElo "2262"]
[PlyCount "44"]
[EventDate "2019.03.20"]
[EventType "tourn"]
[EventRounds "9"]
[EventCountry "USA"]
[EventCategory "2"]
[SourceTitle "CBM 189 Extra"]
[Source "ChessBase"]
[SourceDate "2019.06.03"]
[SourceVersion "1"]
[SourceVersionDate "2019.06.03"]
[SourceQuality "1"]

1. g3 e5 2. c4 Nc6 3. Nc3 f5 4. Nf3 Nf6 5. d4 e4 6. Nh4 g6 7. Bg5 Bg7 8. e3 d6 9. Nd5 0-0 10. Ng2 Ne7 11. Bxf6 Bxf6 12. Nxf6+ Rxf6 13. Qd2 c6 14. h4 Be6 15. Nf4 Bf7 16. Be2 h6 17. b3 a6 18. Rg1 b5 19. Rc1 Kh7 20. f3 bxc4 21. bxc4 Rb8 22. g4 exf3 1/2-1/2

[Event "Saint Louis IM"]
[Site "Saint Louis"]
[Date "2018.11.19"]
[Round "6"]
[White "Ynojosa Aponte, Felix Jose"]
[Black "Arjun, Vishnuvardhan"]
[Result "1-0"]
[WhiteElo "2355"]
[BlackElo "2247"]
[PlyCount "68"]
[EventDate "2018.11.16"]
[EventType "tourn"]
[EventRounds "9"]
[EventCountry "USA"]
[EventCategory "4"]
[SourceTitle "CBM 187 Extra"]
[Source "ChessBase"]
[SourceDate "2018.11.04"]
[SourceVersion "1"]
[SourceVersionDate "2018.11.04"]
[SourceQuality "1"]

1. c4 e5 2. Nc3 Bb4 3. e3 Bxc3 4. bxc3 d6 5. Ne2 Ne7 6. d4 c5 7. Ng3 0-0 8. Be2 f5 9. 0-0 Nbc6 10. f4 e4 11. Nh1 b6 12. d5 Na5 13. Rf2 Qe8 14. a4 Bd7 15. h3 a6 16. Bf1 Qf7 17. Rb2 Rfb8 18. Bd2 Qe8 19. Be1 Rb7 20. g4 Kh8 21. Ng3 Ng8 22. gxf5 Nf6 23. Rg2 Qc8 24. Kh2 h6 25. Qc2 Bxf5 26. Nxf5 Qxf5 27. Bh4 b5 28. axb5 axb5 29. Bxf6 gxf6 30. cxb5 Qxd5 31. c4 Qf5 32. Qc3 Rba7 33. b6 Ra6 34. Rxa5 Rxa5 1-0

[Event "Saint Louis IM"]
[Site "Saint Louis"]
[Date "2018.11.17"]
[Round "3"]
[White "Yip, Carissa"]
[Black "Arjun, Vishnuvardhan"]
[Result "0-1"]
[WhiteElo "2318"]
[BlackElo "2247"]
[PlyCount "106"]
[EventDate "2018.11.16"]
[EventType "tourn"]
[EventRounds "9"]
[EventCountry "USA"]
[EventCategory "4"]
[SourceTitle "CBM 187 Extra"]
[Source "ChessBase"]
[SourceDate "2018.11.04"]
[SourceVersion "1"]
[SourceVersionDate "2018.11.04"]
[SourceQuality "1"]

1. e4 c6 2. d4 d5 3. Nc3 dxe4 4. Nxe4 Bf5 5. Ng3 Bg6 6. N1e2 Nf6 7. Nf4 Nbd7 8. h4 e5 9. Nxg6 hxg6 10. dxe5 Qa5+ 11. Bd2 Qxe5+ 12. Qe2 0-0-0 13. 0-0-0 Bc5 14. Qf3 Qe6 15. Kb1 Qg4 16. Bg5 Ne5 17. Qxg4+ Nexg4 18. Rxd8+ Rxd8 19. Bc4 Bxf2 20. Ne2 Ne5 21. Bb3 Rh8 22. Nc3 Rh5 23. Bxf6 gxf6 24. Ne4 Bxh4 25. g3 Bg5 26. Nd6+ Kc7 27. Rxh5 gxh5 28. Nxf7 Nf3 29. Be6 Nd2+ 30. Kc1 Ne4+ 31. Kd1 Nxg3 32. Bh3 h4 33. Ke1 Nh5 34. Kf2 Bc1 35. b3 Nf4 36. Bf5 Nd5 37. Kf3 Nc3 38. a4 a5 39. Nh8 Kd6 40. Ng6 Bg5 41. Bd3 b5 42. axb5 cxb5 43. Nf4 a4 44. bxa4 bxa4 45. Ne2 Nxe2 46. Kxe2 a3 47. Bc4 Kc5 48. Ba2 h3 49. Kf3 h2 50. Kg2 Bf4 51. c3 Be5 52. Be6 Bxc3 53. Kxh2 Be5+ 0-1

[Event "Charlotte CCCSA IM"]
[Site "Charlotte"]
[Date "2018.09.02"]
[Round "7"]
[White "Niemann, Hans Moke"]
[Black "Arjun, Vishnuvardhan"]
[Result "1-0"]
[WhiteElo "2329"]
[BlackElo "2224"]
[PlyCount "93"]
[EventDate "2018.08.30"]
[EventType "tourn"]
[EventRounds "9"]
[EventCountry "USA"]
[EventCategory "2"]
[SourceTitle "CBM 186 Extra"]
[Source "ChessBase"]
[SourceDate "2018.08.24"]
[SourceVersion "1"]
[SourceVersionDate "2018.08.24"]
[SourceQuality "1"]

1. d4 Nf6 2. c4 c6 3. Bf4 d6 4. Nc3 g6 5. e3 Bg7 6. Be2 0-0 7. h3 Nfd7 8. Nf3 e5 9. Bh2 Qe7 10. 0-0 Rd8 11. b4 a6 12. Qb3 b5 13. cxb5 axb5 14. d5 Nb6 15. Nd2 cxd5 16. Bxb5 Be6 17. Qb2 e4 18. a4 Rc8 19. Rfc1 N8d7 20. a5 Nc4 21. Bxc4 dxc4 22. Ndxe4 Ne5 23. Bxe5 Bxe5 24. Nd2 Qc7 25. Nf3 Rcb8 26. Nxe5 dxe5 27. Qa3 Qe7 28. b5 Qg5 29. Kh2 Qh4 30. Qb2 g5 31. f3 f5 32. Rf1 g4 33. fxg4 fxg4 34. Qf2 Qxf2 35. Rxf2 Bd7 36. b6 Bc6 37. Rf6 Bb7 38. Rd6 Kf7 39. hxg4 Bc8 40. g5 Be6 41. Nb5 Ke7 42. Rxe6+ Kxe6 43. Nc7+ Kd7 44. Nxa8 Rxa8 45. b7 Rg8 46. a6 Kc7 47. Rc1 1-0

[Event "Charlotte CCCSA IM"]
[Site "Charlotte"]
[Date "2018.08.30"]
[Round "1"]
[White "Arjun, Vishnuvardhan"]
[Black "Wang, Wesley"]
[Result "1-0"]
[WhiteElo "2224"]
[BlackElo "2328"]
[PlyCount "73"]
[EventDate "2018.08.30"]
[EventType "tourn"]
[EventRounds "9"]
[EventCountry "USA"]
[EventCategory "2"]
[SourceTitle "CBM 186 Extra"]
[Source "ChessBase"]
[SourceDate "2018.08.24"]
[SourceVersion "1"]
[SourceVersionDate "2018.08.24"]
[SourceQuality "1"]

1. e4 c5 2. Nc3 e6 3. g3 d5 4. d3 d4 5. Nce2 h5 6. h3 e5 7. f4 exf4 8. Nxf4 h4 9. g4 Bd6 10. Bg2 Nc6 11. Nf3 g5 12. Ne2 f6 13. c3 Nh6 14. b4 dxc3 15. bxc5 Bxc5 16. d4 Bb6 17. Ba3 Nxg4 18. hxg4 Bxg4 19. Qb3 c2 20. Rc1 Qd7 21. Rxc2 h3 22. d5 Na5 23. Qb2 Qg7 24. Neg1 hxg2 25. Rxh8+ Qxh8 26. Rxg2 Bd7 27. e5 Nc4 28. Qe2 Nxe5 29. Bd6 Kd8 30. Rh2 Nxf3+ 31. Qxf3 Qg7 32. Qd3 Bxg1 33. Rh7 Qg8 34. Be7+ Ke8 35. Bxf6 Bc5 36. Qe4+ Kf8 37. Be7+ 1-0

[Event "US Masters op"]
[Site "Greensboro"]
[Date "2018.08.18"]
[Round "3"]
[White "Arjun, Vishnuvardhan"]
[Black "Green, Austen"]
[Result "1-0"]
[WhiteElo "2224"]
[BlackElo "2066"]
[PlyCount "33"]
[EventDate "2018.08.17"]
[EventType "swiss"]
[EventRounds "9"]
[EventCountry "USA"]
[SourceTitle "CBM 186 Extra"]
[Source "ChessBase"]
[SourceDate "2018.08.24"]
[SourceVersion "1"]
[SourceVersionDate "2018.08.24"]
[SourceQuality "1"]

1. d4 f5 2. Nc3 Nf6 3. Bg5 d5 4. Bxf6 exf6 5. e3 Be6 6. Nge2 g6 7. Nf4 Bf7 8. g3 Nc6 9. Bg2 Ne7 10. 0-0 c6 11. Na4 Nc8 12. c4 dxc4 13. d5 c5 14. Ne6 Bxe6 15. dxe6 Qe7 16. Nxc5 Nd6 17. Nxb7 1-0